Методика и средства предварительной идентификации параметров модели послеремонтных регулируемых погружных асинхронных электродвигателей: автореферат диссертации на соискание учёной степени кандидата технических наук; спец. 05.09.01; спец. 05.09.03
| Main Author: | |
|---|---|
| Corporate Authors: | , |
| Other Authors: | , |
| Summary: | Заглавие с титульного экрана Электронная версия печатной публикации Защита сост. 3.03.2021 г. |
| Language: | Russian |
| Published: |
Томск, 2020
|
| Subjects: | |
| Online Access: | http://earchive.tpu.ru/handle/11683/63101 |
| Format: | Electronic Book |
| KOHA link: | https://koha.lib.tpu.ru/cgi-bin/koha/opac-detail.pl?biblionumber=345222 |
MARC
| LEADER | 00000nam0a2200000 4500 | ||
|---|---|---|---|
| 001 | 345222 | ||
| 005 | 20251118145922.0 | ||
| 035 | |a (RuTPU)RU\TPU\book\377055 | ||
| 035 | |a RU\TPU\book\377048 | ||
| 090 | |a 345222 | ||
| 100 | |a 20201005d2020 k y0rusy50 ca | ||
| 101 | 0 | |a rus | |
| 102 | |a RU | ||
| 105 | |a a dm 000zy | ||
| 135 | |a drcn ---uucaa | ||
| 181 | 0 | |a i | |
| 182 | 0 | |a b | |
| 200 | 1 | |a Методика и средства предварительной идентификации параметров модели послеремонтных регулируемых погружных асинхронных электродвигателей |e автореферат диссертации на соискание учёной степени кандидата технических наук |e спец. 05.09.01 |e спец. 05.09.03 |f В. В. Аникин |g Югорский государственный университет (ЮГУ) ; Омский государственный технический университет ; науч. рук. Р. Н. Хамитов, науч. конс. В. З. Ковалев | |
| 203 | |a Текст |c электронный | ||
| 210 | |a Томск |d 2020 | ||
| 215 | |a 1 файл (2 129 КБ) | ||
| 300 | |a Заглавие с титульного экрана | ||
| 300 | |a Электронная версия печатной публикации | ||
| 300 | |a Защита сост. 3.03.2021 г. | ||
| 606 | 1 | |a Электродвигатели асинхронные |x Эксплуатация |2 stltpush |3 (RuTPU)RU\TPU\subj\19849 |9 45017 | |
| 610 | 1 | |a электронный ресурс | |
| 610 | 1 | |a авторефераты диссертаций | |
| 610 | 1 | |a идентификация | |
| 610 | 1 | |a погружные асинхронные электродвигатели | |
| 610 | 1 | |a нефтеотдача | |
| 610 | 1 | |a асинхронные электродвигатели | |
| 610 | 1 | |a программное обеспечение | |
| 610 | 1 | |a схемы замещения | |
| 610 | 1 | |a эксплуатационные параметры | |
| 610 | 1 | |a энергопотребление | |
| 610 | 1 | |a добыча нефти | |
| 610 | 1 | |a энергетические параметры | |
| 610 | 1 | |a статические характеристики | |
| 610 | 1 | |a динамические характеристики | |
| 610 | 1 | |a сополимеры | |
| 610 | 1 | |a вердазильные радикалы | |
| 610 | 1 | |a фотоинециированная полимеризация | |
| 610 | 1 | |a аппаратно-программные комплексы | |
| 610 | 1 | |a переходные характеристики | |
| 675 | |a 621.313.333.004(04) |v 4 | ||
| 686 | |a 05.09.01 |2 oksvnk | ||
| 686 | |a 05.09.03 |2 oksvnk | ||
| 700 | 1 | |a Аникин |b В. В. |g Василий Владимирович | |
| 702 | 1 | |a Хамитов |b Р. Н. |c инженер-электрик |c профессор Томского политехнического университета, доктор технических наук |g Рустам Нуриманович |f 1961- |4 727 |9 88820 | |
| 702 | 1 | |a Ковалев |b В. З. |c специалист в области электротехники |c профессор Томского политехнического университета, доктор технических наук |f 1956- |g Владимир Захарович |4 695 |9 23043 | |
| 712 | 0 | 2 | |a Югорский государственный университет (ЮГУ) |c (Ханты-Мансийск) |3 (RuTPU)RU\TPU\col\14344 |
| 712 | 0 | 2 | |a Омский государственный технический университет |c (1993- ) |3 (RuTPU)RU\TPU\col\394 |9 23393 |
| 801 | 2 | |a RU |b 63413507 |c 20201214 |g RCR | |
| 856 | 4 | |u http://earchive.tpu.ru/handle/11683/63101 | |
| 942 | |c CF | ||